| 000 | 01310nam a22003737a 4500 | ||
|---|---|---|---|
| 003 | CHAP | ||
| 005 | 20220817042628.0 | ||
| 008 | 971013s1980 r 00010 d | ||
| 010 | _a50385 | ||
| 011 | _a51357 | ||
| 035 | _a55507 | ||
| 040 | _cCHAP | ||
| 090 | _aTesis | ||
| 100 | 0 | 0 |
_aRodríguez Casas, Julio. _998375 |
| 245 | _aRespuesta del maíz a siete factores de la producción en el agrosistema planicie de la zona II del Plan Chiautla, Pue. | ||
| 260 |
_aMonterrey, N. L. : _bEl autor, _c1980 |
||
| 300 |
_a72 h. _b; tablas |
||
| 502 | _aTesis (Ing. Agr. Fitotecnista) -- Universidad Autónoma de Nuevo León. Facultad de Agronomía | ||
| 590 |
_aALEPH _b10 _c20130110 _lUCH01 _h1324 |
||
| 590 |
_aBATCH-UPD _b10 _c20130110 _lUCH01 _h0428 |
||
| 590 |
_aBATCH-UPD _b10 _c20130110 _lUCH01 _h2051 |
||
| 590 |
_aBATCH-UPD _b10 _c20130410 _lUCH01 _h0103 |
||
| 590 |
_aBATCH-UPD _b10 _c20130914 _lUCH01 _h1401 |
||
| 590 |
_aCONVERSION _b10 _c20130109 _lUCH01 _h1327 |
||
| 650 | 1 | 4 |
_aFertilizantes _xEfecto en maíz. _940527 |
| 650 | 1 | 4 |
_aMaíz _xEspaciamiento. _970946 |
| 650 | 1 | 4 |
_aMaíz _xRendimiento. _971051 |
| 650 | 1 | 4 |
_aMaíz _zPuebla. |
| 650 | 1 | 4 |
_aPlan Chiautla. _988654 |
| 901 | _aBK | ||
| 942 | _cFOLL | ||
| 949 |
_bBC _cTES _d-121723 _eTS1 _i55507 _si |
||
| 949 |
_bBC _cTES _d-121724 _eTS2 _fc.2 _i55507 _si |
||
| 999 |
_c50385 _d50385 |
||